000 00612nam a22002417a 4500
999 _c358367
_d358368
003 IT-MiCISF
005 20190605170150.0
008 190605b ||||| |||| 00| 0 eng d
040 _cIT-MiCISF
041 _asp
100 _aVelasco Cristina, Noriega Cristina, Lopez Javier
_957905
210 _aFamilia
222 _a11308893
245 _aLos abuelos ante la discapacidad de su nieto
260 _c2016
300 _app. 9-24
310 _asemestrale
362 _an. 53
500 _ahandicap, rapporti-nonni-nipoti
650 _ahandicap
_956194
654 _aarticolo
942 _2ddc
_cCR